Russian Leaders - Statistics

General Stats
  • This quiz has been taken 42 times
  • The average score is 19 of 40
Answer Stats
Hint Answer % Correct
1999-2008 Vladimir Putin
97%
2012-Now Vladimir Putin
97%
1924-1953 Joseph Stalin
94%
1917-1924 Vladimir Lenin
91%
1985-1991 Mikhail Gorbachev
82%
1955-1964 Nikita Khrushchev
79%
1825-1855 Tsar Nicholas I
79%
1894-1917 Tsar Nicholas II
79%
1991-1999 Boris Yeltsin
76%
1762-1796 Catherine the Great
76%
1964-1982 Leonid Brezhnev
76%
1725-1727 Empress Catherine I
70%
1547-1584 Ivan the Terrible
70%
1682-1696 Tsar Ivan V
70%
1740-1741 Tsar Ivan VI
70%
1801-1825 Tsar Alexander I
64%
1855-1881 Tsar Alexander II
64%
1881-1894 Tsar Alexander III
64%
1727-1730 Tsar Peter II
64%
1762-1762 Tsar Peter III
64%
1982-1984 Yuri Andropov
58%
2008-2012 Dmitry Medvedev
52%
1984-1985 Konstantin Chernenko
42%
1741-1762 Empress Elizabeth
33%
1796-1801 Tsar Paul I
33%
1953-1955 Georgy Malenkov
30%
1613-1645 Tsar Michael
30%
1730-1740 Empress Anna
21%
1917-1917 Alexander Kerensky
18%
1605-1606 Tsar Dmitry I
18%
1682-1721 Tsar Peter the Great
15%
1721-1725 Tsar Peter the Great
15%
1645-1676 Tsar Alexis
12%
1598-1605 Tsar Boris Godunov
9%
1584-1598 Tsar Feodor I
9%
1605-1605 Tsar Feodor II
9%
1676-1682 Tsar Feodor III
9%
1606-1610 Tsar Vasili IV
6%
1917-1917 Georgy Lvov
3%
1610-1612 Feodor Mstislavsky
0%
No matching quizzes found
Score Distribution
Percent of People with Each Score
Percentile by Number Answered
Your Score History
You have not taken this quiz